Envirocentrum, Žilina

Enregistré dans:
Détails bibliographiques
Auteur principal: Gažová, Blanka (Auteur)
Autres auteurs: Selcová, Ľubica (Directeur de thèse)
Format: Manuscrit Livre
Langue:slovaque
Publié: 2024
Sujets:
Accès en ligne:http://is.stuba.sk/zp/portal_zp.pl?podrobnosti=178811
Tags: Ajouter un tag
Pas de tags, Soyez le premier à ajouter un tag!

MARC

LEADER 00000ntm a22000003a 4500
001 stuzp99292
003 SK-STU
005 20240608213001.5
007 ta
008 150427s2015----xo-----f-mn---000-0-slo-d
040 |a STU  |b slo 
041 0 |a slo 
100 1 |a Gažová, Blanka  |u 051110  |4 aut  |U FAD Fakulta architektúry a dizajnu  |T FAD Ústav architektúry obytných budov  |X 99271  |U A1110  |Y 392  |7 99271 
242 0 1 |a EnviroCenter, Žilina  |y eng 
245 1 0 |a Envirocentrum, Žilina 
260 |c 2024 
650 4 |a envirocentrum  |2 slo 
650 4 |a vzdelanie  |2 slo 
650 4 |a priroda  |2 slo 
650 4 |a education  |2 eng 
650 4 |a nature  |2 eng 
650 4 |a environmental center  |2 eng 
700 1 |a Selcová, Ľubica  |u 051110  |k Z1  |4 ths  |U FAD Fakulta architektúry a dizajnu  |T FAD Ústav architektúry obytných budov  |X 4198  |U A1110  |Y 392  |7 A000004198 
856 4 |u http://is.stuba.sk/zp/portal_zp.pl?podrobnosti=178811